Music Quiz

Random Music Quiz

One word bands Quiz Stats

 Plays Quiz not verified by Sporcle

Score 0/100 Timer 12:00
0 Plays Today
song & year Answer % Correct
Bohemian Rhapsody 1975Queen
100%
Smells Like Teen Spirit 1991Nirvana
94.6%
Dancing Queen 1976ABBA
94.6%
Africa 1982Toto
91.9%
Wonderwall 1995Oasis
91.9%
Barracuda 1977Heart
89.2%
Sunshine of Your Love 1967Cream
89.2%
Mr. Roboto 1983Styx
89.2%
Tom Sawyer 1981Rush
89.2%
Buddy Holly 1994Weezer
89.2%
Eye of the Tiger 1982Survivor
89.2%
Owner of a Lonely Heart 1983Yes
86.5%
Here I Go Again 1987Whitesnake
86.5%
Carry On Wayward Son 1976Kansas
86.5%
The Final Countdown 1986Europe
86.5%
Heart of Glass 1978Blondie
86.5%
MMMBop 1997Hanson
86.5%
Low Rider 1975War
83.8%
We Built This City 1985Starship
83.8%
Sweet Emotion 1975Aerosmith
83.8%
Ace of Spades 1980Motorhead
83.8%
Hot Blooded 1978Foreigner
81.1%
Celebrity Skin 1998Hole
81.1%
Rock and Roll All Nite 1975Kiss
81.1%
Wake Me Up Before You Go-Go 1984Wham
81.1%
Stupid Girl 1996Garbage
81.1%
25 or 6 to 4 1970Chicago
81.1%
Wheel in the Sky 1977Journey
78.4%
Magic Carpet Ride 1968Steppenwolf
78.4%
Invisible Touch 1986Genesis
78.4%
One 1988Metallica
75.7%
Amanda 1986Boston
75.7%
Drops of Jupiter 2001Train
75.7%
Cherry Pie 1990Warrant
75.7%
song & year Answer % Correct
Heat of the Moment 1982Asia
73%
Glycerine 1994Bush
73%
Yellow 2000Coldplay
70.3%
Song 2 1997Blur
70.3%
Talk Dirty To Me 1986Poison
70.3%
Cruel Summer 1983Bananarama
70.3%
Whip It 1980Devo
70.3%
All Right Now 1970Free
67.6%
Wind Of Change 1990Scorpions
67.6%
Slow Ride 1975Foghat
64.9%
Karma Police 1997Radiohead
62.2%
Spoonman 1994Soundgarden
62.2%
Santa Monica 1995Everclear
62.2%
Round and Round 1984Ratt
62.2%
How You Remind Me 2001Nickelback
62.2%
Lightning Crashes 1994Live
59.5%
What I Got 1996Sublime
59.5%
Symphony of Destruction 1992Megadeth
56.8%
Raining Blood 1986Slayer
56.8%
My Own Prison 1997Creed
56.8%
Working For the Weekend 1981Loverboy
56.8%
I'm Broken 1994Pantera
51.4%
Hair of the Dog 1975Nazareth
51.4%
Give a Little Bit 1977Supertramp
51.4%
Holy Diver 1983Dio
48.6%
Stinkfist 1996Tool
48.6%
It's Been Awhile 2001Staind
48.6%
The Reason 2012Hoobastank
48.6%
Du hast 1996Rammstein
45.9%
Drive 2000Incubus
45.9%
Mississippi Queen 1970Mountain
45.9%
Got the Life 1998Korn
45.9%
Evil Ways 1969Santana
45.9%
Mountain Music 1982Alabama
43.2%
song & year Answer % Correct
Don't Know What You've Got 1988Cinderella
40.5%
Jerry Was a Race Car Driver 1991Primus
40.5%
Seventeen 1988Winger
40.5%
The Distance 1996Cake
37.8%
Mother 1988Danzig
35.1%
My Own Worst Enemy 1999Lit
35.1%
The Sickness 1999Disturbed
32.4%
Love and Affection 1990Nelson
32.4%
Empire 1990Queensryche
29.7%
Tomorrow 1995Silverchair
27%
In My Dreams 1985Dokken
27%
Far Behind 1993Candlebox
27%
Psychosocial 1998Slipknot
27%
What It's Like 1998Everlast
27%
I Wanna Be Somebody 1984W.A.S.P
27%
Time is Running Out 2003Muse
27%
I'm the Man 1987Anthrax
24.3%
Down With the Disease 1994Phish
24.3%
Low 1993Cracker
24.3%
Modern Day Cowboy 1986Tesla
24.3%
I Stand Alone 2003Godsmack
21.6%
Sick of You 1990Gwar
16.2%
Love of a Lifetime 1991Firehouse
16.2%
Sorry 2007Buckcherry
16.2%
Jesus Built My Hotrod 1991Ministry
16.2%
Down on Me 1992Jackyl
16.2%
If You Could Only See 1996Tonic
13.5%
Connection 1994Elastica
10.8%
Waffle 1999Sevendust
10.8%
Up All Night 1990Slaughter
8.1%
Second Chance 2008Shinedown
8.1%
Hole In My Shoe 1967Traffic
5.4%

You're not logged in!

Compare scores with friends on all Sporcle quizzes.
OR
Log In

You Might Also Like...

Show Comments

Extras

Created Jun 1, 2016ReportNominate
Tags:count

Top Quizzes Today


Score Distribution

Your Account Isn't Verified!

In order to create a playlist on Sporcle, you need to verify the email address you used during registration. Go to your Sporcle Settings to finish the process.

Report this User

Report this user for behavior that violates our Community Guidelines.

Details: